000 00804cpcaa2200253 4500
001 mm 79004336
003 DLC
005 20260227111646.0
008 790423|||||||||||| spa
010 _amm 79004336
040 _aDLC
_cDLC
_edacs
_dDLC
072 7 _aH
_2lcmd
100 1 _aDelgado, Juan de Dios.
245 0 0 _aJuan de Dios Delgado sermon,
_f1846.
300 _a1
_fitem.
506 0 _aOpen to research.
545 0 _aClergyman.
546 _aCollection material in Spanish.
580 _aForms part of: Miscellaneous Manuscripts collection.
650 0 _aSermons.
656 7 _aClergy.
_2itoamc
999 _c41490
_d41490